000
00323nam a2200133Ia 4500
008
190723s9999 xx 000 0 und d
020
_a
978-0-495-50424-5
100
_a
Cheryl Hamilton
245
0
_a
Essentials of Public speaking
250
_a
4th
260
_a
Australia
_b
Wadsworth
_c
2009
300
_a
378.:p
942
_c
BK
999
_c
1695
_d
1695